[Event "Grunwald Cup 37 blind"]
[Site "Dadaj"]
[Date "2012.09.20"]
[Round "6"]
[White "Gosek, Zenon"]
[Black "Falkowski, Dawid"]
[Result "0-1"]
[WhiteElo "2022"]
[BlackElo "2020"]
[PlyCount "63"]
[EventDate "2012.09.16"]
[EventType "swiss"]
[EventRounds "9"]
[EventCountry "POL"]
[SourceTitle "CBM 150 Extra"]
[Source "ChessBase"]
[SourceDate "2012.10.19"]
[SourceVersion "1"]
[SourceVersionDate "2012.10.19"]
[SourceQuality "1"]

1. Nf3 Nf6 2. g3 d5 3. Bg2 c5 4. d4 cxd4 5. Nxd4 e5 6. Nf3 Nc6 7. 0-0 Bf5 8. c3 Qb6 9. a4 a5 10. Nbd2 Rd8 11. Nh4 Be6 12. Qc2 e4 13. Nb3 Be7 14. Be3 Qc7 15. f3 d4 16. cxd4 Qb6 17. Nc5 g5 18. Nxe6 fxe6 19. Bxg5 Nxd4 20. Be3 Nd5 21. Bxd4 Qxd4+ 22. Kh1 Ne3 23. Qb3 Nxf1 24. Rxf1 Bxh4 25. Qb5+ Ke7 26. gxh4 Qd5 27. Qxd5 Rxd5 28. fxe4 Rd2 29. Rb1 Rhd8 30. Bf1 Rd1 31. Rxd1 Rxd1 32. Kg2 0-1

[Event "Grunwald Cup 37 blind"]
[Site "Dadaj"]
[Date "2012.09.19"]
[Round "5"]
[White "Dukaczewski, Piotr"]
[Black "Gosek, Zenon"]
[Result "1-0"]
[WhiteElo "2221"]
[BlackElo "2022"]
[PlyCount "97"]
[EventDate "2012.09.16"]
[EventType "swiss"]
[EventRounds "9"]
[EventCountry "POL"]
[SourceTitle "CBM 150 Extra"]
[Source "ChessBase"]
[SourceDate "2012.10.19"]
[SourceVersion "1"]
[SourceVersionDate "2012.10.19"]
[SourceQuality "1"]

1. d4 f5 2. c4 Nf6 3. Nc3 g6 4. Nf3 Bg7 5. g3 d6 6. Bg2 0-0 7. 0-0 Nc6 8. Qb3 Na5 9. Qa4 c5 10. dxc5 dxc5 11. Rd1 Qb6 12. Nd5 Nxd5 13. cxd5 Qb4 14. Qxb4 cxb4 15. Nd4 Nc4 16. b3 Nd6 17. Bg5 Re8 18. Rac1 h6 19. Bf4 Kf8 20. Bxd6 exd6 21. Nb5 Rd8 22. Rc7 a6 23. Nd4 Re8 24. e3 Re7 25. Rdc1 Rxc7 26. Rxc7 Bxd4 27. exd4 b5 28. h4 h5 29. Kf1 a5 30. Ke2 a4 31. Ke3 axb3 32. axb3 f4+ 33. Kxf4 Bf5 34. Be4 Bxe4 35. Kxe4 Ra3 36. Rd7 Rxb3 37. Rxd6 Ra3 38. Rb6 Ra5 39. Rxg6 b3 40. Kd3 b4 41. Rb6 Ra4 42. d6 Ke8 43. Rb7 Kd8 44. f3 Kc8 45. d7+ Kd8 46. g4 b2 47. Kc2 Ra3 48. gxh5 Rxf3 49. h6 1-0

[Event "Lublin Gerlecka Memorial 2nd"]
[Site "Lublin"]
[Date "2012.08.07"]
[Round "7.6"]
[White "Gosek, Zenon"]
[Black "Krasowski, Piotr"]
[Result "0-1"]
[WhiteElo "2054"]
[BlackElo "1795"]
[PlyCount "44"]
[EventDate "2012.08.07"]
[EventType "swiss"]
[EventRounds "9"]
[EventCountry "POL"]
[SourceTitle "EXT 2023"]
[Source "ChessBase"]
[SourceDate "2022.10.05"]
[SourceVersion "1"]
[SourceVersionDate "2022.10.05"]
[SourceQuality "1"]

1. d4 d6 2. e4 Nf6 3. f3 e5 4. dxe5 Nxe4 5. Bf4 Nc5 6. exd6 Bxd6 7. Bxd6 cxd6 8. Bb5+ Nc6 9. Nc3 0-0 10. Qd2 a6 11. Be2 Qa5 12. 0-0-0 Bf5 13. a3 Rac8 14. g4 Bg6 15. f4 Ne4 16. Nxe4 Bxe4 17. Bf3 Qa4 18. Bxe4 Qxe4 19. Ne2 Na5 20. Nc3 Qf3 21. Rhf1 Qh3 22. Nd5 Nb3+ 0-1

[Event "Krynica Cross-ch sf"]
[Site "Krynica"]
[Date "2012.03.??"]
[Round "2"]
[White "Gosek, Zenon"]
[Black "Debowska, Teresa"]
[Result "1-0"]
[WhiteElo "2089"]
[BlackElo "1866"]
[PlyCount "148"]
[EventDate "2012.03.??"]
[EventType "swiss"]
[EventRounds "9"]
[EventCountry "POL"]
[SourceTitle "EXT 2014"]
[Source "ChessBase"]
[SourceDate "2013.11.20"]
[SourceVersion "1"]
[SourceVersionDate "2013.11.20"]
[SourceQuality "1"]

1. Nf3 g6 2. g3 Bg7 3. Bg2 c5 4. c4 Nc6 5. Nc3 e6 6. 0-0 Nge7 7. d3 d6 8. Bg5 h6 9. Bd2 0-0 10. Qc1 Kh7 11. a3 Nf5 12. e3 Rb8 13. Rb1 a5 14. Nb5 e5 15. e4 Nfd4 16. Nbxd4 exd4 17. Nh4 Ne5 18. f4 Ng4 19. Kh1 b5 20. b3 b4 21. f5 Ne3 22. Bxe3 dxe3 23. axb4 g5 24. Nf3 axb4 25. Qxe3 Bb7 26. d4 Re8 27. d5 Ra8 28. Qd3 Bf6 29. Rbe1 Ra2 30. h3 Kg7 31. Nh2 h5 32. Bf3 Kh6 33. Re2 Qa5 34. Rxa2 Qxa2 35. Qb1 Qd2 36. Qd1 Qc3 37. Kg2 Be5 38. Rf2 f6 39. Qc2 Bd4 40. Qxc3 bxc3 41. Ra2 Rh8 42. Bd1 Rb8 43. Nf3 Bc8 44. Bc2 Be3 45. Kf1 g4 46. Ke2 Bc1 47. hxg4 hxg4 48. Nh2 Kg5 49. Kd3 Bd2 50. Nf1 Bd7 51. Nxd2 cxd2 52. Kxd2 Rh8 53. Ke3 Rh3 54. Kf2 Rh2+ 55. Kg1 Rd2 56. Kf1 Be8 57. Ke1 Rg2 58. Ra8 Bf7 59. Rf8 Bxd5 60. cxd5 Rxc2 61. Rg8+ Kh5 62. Rg6 Rc3 63. Rxf6 Re3+ 64. Kf2 Rxb3 65. Rxd6 Rb2+ 66. Ke3 Rb3+ 67. Kf4 Rf3+ 68. Ke5 Rxg3 69. f6 Rf3 70. Rc6 g3 71. Rxc5 g2 72. Rc8 Kg4 73. Rg8+ Kh3 74. Rxg2 Kxg2 1-0

[Event "Krynica Cross-ch sf"]
[Site "Krynica"]
[Date "2012.03.??"]
[Round "4"]
[White "Gosek, Zenon"]
[Black "Sargalski, Andrzej"]
[Result "1/2-1/2"]
[WhiteElo "2089"]
[BlackElo "1904"]
[PlyCount "45"]
[EventDate "2012.03.??"]
[EventType "swiss"]
[EventRounds "9"]
[EventCountry "POL"]
[SourceTitle "EXT 2014"]
[Source "ChessBase"]
[SourceDate "2013.11.20"]
[SourceVersion "1"]
[SourceVersionDate "2013.11.20"]
[SourceQuality "1"]

1. e4 e5 2. Nf3 Nc6 3. Bc4 Bc5 4. 0-0 Nf6 5. d3 0-0 6. Nc3 h6 7. h3 Re8 8. Be3 Bxe3 9. fxe3 Na5 10. Bb3 Nxb3 11. axb3 d5 12. Nxd5 Nxd5 13. exd5 Qxd5 14. e4 Qc5+ 15. Kh1 a6 16. Qe2 Be6 17. Qf2 Qxf2 18. Rxf2 Rad8 19. Raf1 f6 20. Nh4 Rd6 21. Nf5 Bxf5 22. Rxf5 Red8 23. R5f2 1/2-1/2

[Event "Olomouc op Seniors"]
[Site "Olomouc"]
[Date "2011.08.10"]
[Round "8"]
[White "Gosek, Zenon"]
[Black "Zoltek, Tadeusz"]
[Result "0-1"]
[WhiteElo "2059"]
[BlackElo "2163"]
[PlyCount "90"]
[EventDate "2011.08.04"]
[EventType "swiss"]
[EventRounds "9"]
[EventCountry "CZE"]
[SourceTitle "EXT 2012"]
[Source "ChessBase"]
[SourceDate "2011.11.24"]
[SourceVersion "1"]
[SourceVersionDate "2011.11.24"]
[SourceQuality "1"]

1. f4 c5 2. Nf3 Nc6 3. g3 g6 4. Bg2 Bg7 5. 0-0 Nf6 6. d3 0-0 7. c3 d6 8. e4 Bd7 9. Nbd2 Qc8 10. a4 Rb8 11. Nc4 b6 12. Bd2 a6 13. Nh4 b5 14. axb5 axb5 15. Ne3 b4 16. f5 bxc3 17. bxc3 Ne5 18. d4 Nd3 19. Rb1 Qa6 20. Ra1 Qc8 21. Rb1 cxd4 22. Rxb8 Qxb8 23. cxd4 Qb2 24. d5 Bb5 25. fxg6 hxg6 26. Kh1 Ra8 27. Be1 Ra1 28. Qc2 Qxc2 29. Nxc2 Rc1 30. Nd4 Nf2+ 31. Bxf2 Bxf1 32. Bxf1 Rxf1+ 33. Kg2 Rd1 34. Kf3 Nd7 35. Nc6 Bf6 36. Ke2 Ra1 37. Nf3 Ra2+ 38. Kf1 Ra4 39. Bd4 Kf8 40. Ke2 Bxd4 41. Ncxd4 Ra3 42. Nc6 Nf6 43. Nd2 Ra2 44. Kd3 Ng4 45. h4 Ra3+ 0-1

[Event "Olomouc op Seniors"]
[Site "Olomouc"]
[Date "2011.08.08"]
[Round "6"]
[White "Komysheva, Margarita"]
[Black "Gosek, Zenon"]
[Result "0-1"]
[WhiteElo "2072"]
[BlackElo "2059"]
[PlyCount "56"]
[EventDate "2011.08.04"]
[EventType "swiss"]
[EventRounds "9"]
[EventCountry "CZE"]
[SourceTitle "EXT 2012"]
[Source "ChessBase"]
[SourceDate "2011.11.24"]
[SourceVersion "1"]
[SourceVersionDate "2011.11.24"]
[SourceQuality "1"]

1. e4 c5 2. Nf3 d6 3. d4 cxd4 4. Nxd4 Nf6 5. Nc3 a6 6. Bg5 e6 7. f4 Be7 8. Qf3 Nbd7 9. 0-0-0 Qc7 10. Kb1 b5 11. g4 b4 12. Na4 Bb7 13. Bd3 Nc5 14. Nxc5 dxc5 15. Bxf6 Bxf6 16. Nxe6 fxe6 17. Bc4 0-0 18. Bxe6+ Kh8 19. Rd7 Qc6 20. Bf5 g6 21. Qh3 Bg7 22. Rg1 gxf5 23. Rxg7 Kxg7 24. gxf5+ Kh8 25. e5 Rg8 26. Re1 Qe4 27. Rf1 Qg2 28. Qd3 c4 0-1

[Event "POL-ch blind"]
[Site "Jastrzebia Gora"]
[Date "2011.05.31"]
[Round "11.4"]
[White "Gosek, Zenon"]
[Black "Suder, Ryszard"]
[Result "1-0"]
[WhiteElo "2060"]
[BlackElo "2235"]
[PlyCount "107"]
[EventDate "2011.05.31"]
[EventType "tourn"]
[EventRounds "11"]
[EventCountry "POL"]
[SourceTitle "EXT 2023"]
[Source "ChessBase"]
[SourceDate "2022.10.05"]
[SourceVersion "1"]
[SourceVersionDate "2022.10.05"]
[SourceQuality "1"]

1. e4 Nf6 2. d3 d6 3. Nc3 g6 4. g3 Bg7 5. Bg2 0-0 6. f4 c6 7. Nf3 Nbd7 8. Be3 e5 9. Qd2 Qa5 10. a3 Ng4 11. Bg1 exf4 12. gxf4 f5 13. h3 Nh6 14. Nd4 Nf6 15. 0-0-0 Bd7 16. Be3 Qc7 17. Nf3 Nh5 18. d4 fxe4 19. Nxe4 Nf5 20. Bf2 Rae8 21. Rhe1 Ne7 22. Qb4 Nxf4 23. Nxd6 Nfd5 24. Nxe8 Bxe8 25. Qb3 Kh8 26. Bh4 Nf5 27. Bg5 Qg3 28. Re2 Nd6 29. h4 Qg4 30. Rde1 Bf7 31. Qd3 h6 32. Bd2 Nf5 33. Ne5 Qxh4 34. Nxf7+ Rxf7 35. Bxd5 cxd5 36. c3 Kh7 37. Qf3 Rd7 38. Rh1 Qf6 39. Reh2 Qc6 40. Kb1 Qf6 41. Bxh6 Bxh6 42. Rxh6+ Kg8 43. Rg1 Kf7 44. Rh7+ Ng7 45. Qxf6+ Kxf6 46. Rh6 Ne8 47. Rgxg6+ Kf5 48. Re6 Nc7 49. Re5+ Kf4 50. Rf6+ Kg4 51. Re1 Kg3 52. Rg1+ Kh2 53. Rg5 Rh7 54. Rff5 1-0

[Event "POL-ch blind"]
[Site "Jastrzebia Gora"]
[Date "2011.05.31"]
[Round "2.3"]
[White "Gosek, Zenon"]
[Black "Zoltek, Tadeusz"]
[Result "1-0"]
[WhiteElo "2060"]
[BlackElo "2147"]
[PlyCount "63"]
[EventDate "2011.05.31"]
[EventType "tourn"]
[EventRounds "11"]
[EventCountry "POL"]
[SourceTitle "EXT 2023"]
[Source "ChessBase"]
[SourceDate "2022.10.05"]
[SourceVersion "1"]
[SourceVersionDate "2022.10.05"]
[SourceQuality "1"]

1. e4 e6 2. d3 d5 3. Nd2 Nf6 4. Ngf3 b6 5. g3 Bb7 6. Bg2 dxe4 7. Ng5 Nc6 8. Ngxe4 Be7 9. 0-0 0-0 10. Nxf6+ Bxf6 11. Ne4 Be7 12. Re1 Rb8 13. h4 Nd4 14. c3 Nf5 15. Bg5 f6 16. Bc1 c5 17. a4 Qd7 18. Qc2 Rfd8 19. Rd1 e5 20. a5 c4 21. d4 exd4 22. cxd4 Bxe4 23. Bxe4 Nxd4 24. Qxc4+ Kh8 25. Be3 Bc5 26. b4 Qg4 27. bxc5 bxc5 28. Bxd4 Qxe4 29. Qxc5 Rd5 30. Qxa7 Rbd8 31. a6 h6 32. Qb7 1-0

[Event "POL-ch blind"]
[Site "Jastrzebia Gora"]
[Date "2011.05.31"]
[Round "1.4"]
[White "Pawelec, Bartosz"]
[Black "Gosek, Zenon"]
[Result "1/2-1/2"]
[WhiteElo "2045"]
[BlackElo "2060"]
[PlyCount "60"]
[EventDate "2011.05.31"]
[EventType "tourn"]
[EventRounds "11"]
[EventCountry "POL"]
[SourceTitle "EXT 2023"]
[Source "ChessBase"]
[SourceDate "2022.10.05"]
[SourceVersion "1"]
[SourceVersionDate "2022.10.05"]
[SourceQuality "1"]

1. e4 c5 2. c3 b6 3. d4 Bb7 4. Bd3 Nf6 5. Qe2 cxd4 6. cxd4 Nc6 7. Nf3 Nb4 8. Nc3 Nxd3+ 9. Qxd3 e6 10. 0-0 Be7 11. d5 exd5 12. exd5 d6 13. Nd4 0-0 14. Nf5 Bc8 15. Nxe7+ Qxe7 16. Bg5 Re8 17. h3 Qe5 18. f4 Qf5 19. Qxf5 Bxf5 20. Bxf6 gxf6 21. Rfe1 a6 22. g4 Bd3 23. Rad1 Rxe1+ 24. Rxe1 a5 25. Re7 b5 26. Re3 Bc2 27. Re2 Bd3 28. Re3 Bc2 29. Re2 Bd3 30. Re3 Bc2 1/2-1/2

[Event "POL-chT blind Gp-A"]
[Site "Mielno"]
[Date "2011.03.28"]
[Round "2.3"]
[White "Krajewski, Kazimierz"]
[Black "Gosek, Zenon"]
[Result "1/2-1/2"]
[WhiteElo "1968"]
[BlackElo "2067"]
[PlyCount "80"]
[EventDate "2011.03.27"]
[EventType "team-tourn"]
[EventRounds "10"]
[EventCountry "POL"]
[SourceTitle "EXT 2019"]
[Source "ChessBase"]
[SourceDate "2018.10.10"]
[SourceVersion "1"]
[SourceVersionDate "2018.10.10"]
[SourceQuality "1"]

1. e4 c5 2. Nf3 Nc6 3. c3 Nf6 4. Bd3 d6 5. Bc2 g6 6. d4 cxd4 7. cxd4 d5 8. e5 Ne4 9. 0-0 Bg4 10. h3 Bd7 11. Nc3 Nxc3 12. bxc3 Bg7 13. Rb1 b6 14. Bb3 Bf5 15. Bc2 Bxc2 16. Qxc2 0-0 17. Bf4 Na5 18. Qd3 Rc8 19. Rfc1 Qd7 20. Nd2 Nc4 21. Nxc4 Rxc4 22. Rb4 Rfc8 23. Rxc4 Rxc4 24. Qc2 Qc6 25. Qb3 Bf8 26. Bd2 b5 27. Rb1 a6 28. g4 g5 29. Re1 e6 30. Qb1 Be7 31. Qd1 b4 32. cxb4 Rxd4 33. a3 Rd3 34. Re3 Rxe3 35. Bxe3 Qc3 36. Qc1 Qxe5 37. Qc8+ Kg7 38. Qxa6 d4 39. Bd2 Bd6 40. Qd3 Qh2+ 1/2-1/2

[Event "Olomouc Seniors op"]
[Site "Olomouc"]
[Date "2010.08.11"]
[Round "8"]
[White "Gosek, Zenon"]
[Black "Perik, Alois"]
[Result "0-1"]
[WhiteElo "2073"]
[BlackElo "1867"]
[PlyCount "76"]
[EventDate "2010.08.04"]
[EventType "swiss"]
[EventRounds "9"]
[EventCountry "CZE"]
[SourceTitle "CBM 137 Extra"]
[Source "ChessBase"]
[SourceDate "2010.09.01"]
[SourceVersion "1"]
[SourceVersionDate "2010.09.01"]
[SourceQuality "1"]

1. e4 g6 2. c4 c5 3. Nc3 Bg7 4. Nf3 Nc6 5. d3 d6 6. h3 Nf6 7. Bg5 0-0 8. Qd2 a6 9. Be2 Bd7 10. 0-0 Nd4 11. Nxd4 cxd4 12. Nd5 Bc6 13. Nb4 Qc7 14. f4 e6 15. Nc2 b5 16. b3 Nd7 17. Kh1 f6 18. Bh4 f5 19. Bf3 Nc5 20. Rae1 bxc4 21. bxc4 fxe4 22. dxe4 e5 23. fxe5 dxe5 24. Nb4 Na4 25. Nd5 Bxd5 26. cxd5 Nc3 27. Bg3 Qa5 28. Ra1 Rab8 29. Qg5 Bf6 30. Qd2 Qb5 31. Rac1 Bg7 32. Rfe1 a5 33. Bg4 a4 34. Bh4 Rf4 35. d6 Nxe4 36. Rxe4 Rxe4 37. d7 Rxg4 38. hxg4 Qxd7 0-1

[Event "POL-ch sf blind"]
[Site "Zawoja Osrodek"]
[Date "2010.04.12"]
[Round "5.5"]
[White "Ciula, Edward"]
[Black "Gosek, Zenon"]
[Result "0-1"]
[WhiteElo "2002"]
[BlackElo "2049"]
[PlyCount "56"]
[EventDate "2010.04.08"]
[EventType "swiss"]
[EventRounds "9"]
[EventCountry "POL"]
[SourceTitle "EXT 2023"]
[Source "ChessBase"]
[SourceDate "2022.10.05"]
[SourceVersion "1"]
[SourceVersionDate "2022.10.05"]
[SourceQuality "1"]

1. d4 f5 2. e4 fxe4 3. Nc3 Nf6 4. Bg5 Nc6 5. d5 Ne5 6. Qe2 Nf7 7. Bxf6 exf6 8. Nxe4 Be7 9. 0-0-0 0-0 10. f4 f5 11. Nc3 c5 12. Nf3 d6 13. h3 Bf6 14. Qd3 Nh6 15. Rg1 a6 16. Nh2 Bd4 17. Rh1 b5 18. Ne2 Bf6 19. Rg1 g6 20. g4 fxg4 21. hxg4 Bg7 22. Qg3 Kh8 23. Bh3 b4 24. Nf3 Qf6 25. c3 bxc3 26. bxc3 Qe7 27. Rde1 Qb7 28. Kc2 Qxd5 0-1

[Event "POL-chT blind"]
[Site "Mielno"]
[Date "2010.03.27"]
[Round "10.8"]
[White "Gosek, Zenon"]
[Black "Migala, Andrzej"]
[Result "1/2-1/2"]
[WhiteElo "2049"]
[BlackElo "2092"]
[PlyCount "61"]
[EventDate "2010.03.21"]
[EventType "team-tourn"]
[EventRounds "10"]
[EventCountry "POL"]
[SourceTitle "EXT 2011"]
[Source "ChessBase"]
[SourceDate "2010.11.26"]
[SourceVersion "1"]
[SourceVersionDate "2010.11.26"]
[SourceQuality "1"]

1. d4 d5 2. Nf3 Nf6 3. g3 c6 4. Bg2 g6 5. Nbd2 Bg7 6. Ne5 0-0 7. 0-0 Nbd7 8. Ndf3 Nxe5 9. Nxe5 Nd7 10. Nxd7 Bxd7 11. c3 Qb6 12. b3 Qc7 13. Bf4 e5 14. Bxe5 Bxe5 15. dxe5 Qxe5 16. Qd2 Rfe8 17. Rfe1 Kg7 18. Qd4 Qxd4 19. cxd4 Re7 20. e3 h6 21. b4 Kf6 22. h4 g5 23. hxg5+ hxg5 24. f4 gxf4 25. exf4 Rae8 26. Rxe7 Rxe7 27. Kf2 Bf5 28. a3 a6 29. Ra2 Re8 30. Re2 Rxe2+ 31. Kxe2 1/2-1/2

[Event "Grunwald Cup 22nd blind"]
[Site "Dadaj"]
[Date "2007.09.29"]
[Round "9"]
[White "Iwancio, Lukasz"]
[Black "Gosek, Zenon"]
[Result "0-1"]
[WhiteElo "2009"]
[BlackElo "2068"]
[PlyCount "70"]
[EventDate "2007.09.24"]
[EventType "swiss"]
[EventRounds "9"]
[EventCountry "POL"]
[SourceTitle "EXT 2009"]
[Source "ChessBase"]
[SourceDate "2008.11.26"]
[SourceVersion "1"]
[SourceVersionDate "2008.11.26"]
[SourceQuality "1"]

1. e4 c5 2. c3 Nf6 3. e5 Nd5 4. d4 cxd4 5. cxd4 Nc6 6. Nf3 d6 7. Be2 g6 8. 0-0 Bg7 9. exd6 Qxd6 10. Nc3 0-0 11. Nxd5 Qxd5 12. Be3 Rd8 13. Rc1 Nxd4 14. Nxd4 Bxd4 15. Bxd4 Qxd4 16. Qxd4 Rxd4 17. Rc7 Rd7 18. Rfc1 Rxc7 19. Rxc7 Kf8 20. Bb5 a6 21. Bd7 Bxd7 22. Rxd7 Rc8 23. Kf1 Rc1+ 24. Ke2 Rc2+ 25. Rd2 Rxd2+ 26. Kxd2 e5 27. Kd3 Ke7 28. a4 b5 29. axb5 axb5 30. g4 f5 31. g5 Kd6 32. Kc3 Kc5 33. f3 b4+ 34. Kd3 Kd5 35. b3 e4+ 0-1